Interakce zdanění, vládních výdajů a ekonomického růstu: panelový VAR model pro země OECD

Analýza vlyvu efektívneho daňového zaťaženia a vládnych výdavkov na ekonomický rast a pôsobenie zdanenia a ekonomického rastu na vládne výdavky.

Gespeichert in:
Bibliographische Detailangaben
1. Verfasser: Machová, Zuzana
Weitere Verfasser: Kotlán, Igor
Format: Buchkapitel
Sprache:Tschechisch
Schlagworte:
Tags: Tag hinzufügen
Keine Tags, Fügen Sie das erste Tag hinzu!

MARC

LEADER 00000naa a2200000 4500
001 0181050
005 20231207121327.4
041 0 |a cze 
044 |a CZ 
245 1 0 |a Interakce zdanění, vládních výdajů a ekonomického růstu: panelový VAR model pro země OECD  |c Zuzana Machová, Igor Kotlán 
520 |a Analýza vlyvu efektívneho daňového zaťaženia a vládnych výdavkov na ekonomický rast a pôsobenie zdanenia a ekonomického rastu na vládne výdavky. 
610 2 0 |a metóda Value at Risk 
610 2 0 |a politika hospodárska 
610 2 0 |a zaťaženie daňové 
610 2 0 |a výdavky 
610 2 0 |a vláda 
610 2 0 |a funkcie produkčné 
100 1 |a Machová, Zuzana 
700 1 |a Kotlán, Igor